[Event "Wch Seniors 65 30th"]
[Site "Assisi"]
[Date "2022.11.24"]
[Round "9"]
[White "Chan, Peng Kong"]
[Black "Koehler, Gerhard"]
[Result "1/2-1/2"]
[WhiteElo "2149"]
[BlackElo "2198"]
[PlyCount "82"]
[EventDate "2022.11.15"]
[EventType "swiss"]
[EventRounds "11"]
[EventCountry "ITA"]
[SourceTitle "CBM 211 Extra"]
[Source "ChessBase"]
[SourceDate "2023.01.31"]
[SourceVersion "1"]
[SourceVersionDate "2023.01.31"]
[SourceQuality "1"]

1. Nf3 c5 2. c4 g6 3. Nc3 Bg7 4. g3 Nc6 5. Bg2 d6 6. a3 e5 7. 0-0 Nge7 8. b4 0-0 9. Rb1 h6 10. d3 f5 11. Bd2 Rb8 12. b5 Nd4 13. e3 Ne6 14. Qa4 Ra8 15. Ne1 Nc7 16. Qb3 Kh7 17. f4 Ng8 18. Nf3 exf4 19. exf4 Ne6 20. Rbe1 Nf6 21. Kh1 Bd7 22. Re2 Qc7 23. Rfe1 Rae8 24. a4 Nd8 25. Be3 Be6 26. Bg1 Bf7 27. Nd2 Rxe2 28. Rxe2 Ne6 29. Nf3 Re8 30. Rb2 Qa5 31. Re2 Qd8 32. Qd1 Qa5 33. Qb3 Qc7 34. Qd1 Rd8 35. Qe1 Re8 36. Nd5 Qd8 37. Nxf6+ Bxf6 38. a5 Ng7 39. Rxe8 Nxe8 40. Be3 Kg7 41. Bd2 Nc7 1/2-1/2

[Event "Wch Seniors 65 30th"]
[Site "Assisi"]
[Date "2022.11.15"]
[Round "1"]
[White "Chan, Peng Kong"]
[Black "Patola, Eero"]
[Result "1-0"]
[WhiteElo "2149"]
[BlackElo "1830"]
[PlyCount "77"]
[EventDate "2022.11.15"]
[EventType "swiss"]
[EventRounds "11"]
[EventCountry "ITA"]
[SourceTitle "CBM 211 Extra"]
[Source "ChessBase"]
[SourceDate "2023.01.31"]
[SourceVersion "1"]
[SourceVersionDate "2023.01.31"]
[SourceQuality "1"]

1. d4 f5 2. g3 Nf6 3. Bg2 g6 4. Nf3 Bg7 5. 0-0 0-0 6. b3 d6 7. Bb2 c6 8. Nbd2 Na6 9. c4 c5 10. d5 Nc7 11. a4 a6 12. a5 Rb8 13. Qc2 Bd7 14. Rfe1 b6 15. axb6 Rxb6 16. Ra3 Rb7 17. Ng5 Qc8 18. e4 h6 19. Ne6 Nxe6 20. dxe6 Bc6 21. exf5 Bxg2 22. Kxg2 Qc6+ 23. f3 g5 24. Bxf6 Rxf6 25. g4 Rf8 26. Ne4 Ra7 27. Nc3 Bxc3 28. Qxc3 Qb7 29. h4 Qb4 30. Qxb4 cxb4 31. Ra5 Kg7 32. Rea1 gxh4 33. Kh3 Kf6 34. Kxh4 Rc8 35. Rxa6 Rac7 36. Ra8 Ke5 37. Rxc8 Rxc8 38. Ra7 Kf6 39. Rb7 1-0

[Event "Wch Seniors 50 28th"]
[Site "Bled"]
[Date "2018.11.27"]
[Round "9"]
[White "Plotkin, Victor"]
[Black "Chan, Peng Kong"]
[Result "1-0"]
[WhiteElo "2307"]
[BlackElo "2169"]
[PlyCount "69"]
[EventDate "2018.11.18"]
[EventType "swiss"]
[EventRounds "11"]
[EventCountry "SLO"]
[SourceTitle "CBM 187 Extra"]
[Source "ChessBase"]
[SourceDate "2018.11.04"]
[SourceVersion "1"]
[SourceVersionDate "2018.11.04"]
[SourceQuality "1"]

1. e4 c5 2. c3 g6 3. d4 cxd4 4. cxd4 d5 5. exd5 Nf6 6. Bb5+ Nbd7 7. Nc3 a6 8. Be2 Nb6 9. Nf3 Nbxd5 10. Ne5 Nxc3 11. bxc3 Bg7 12. 0-0 0-0 13. Bf3 Qc7 14. Qb3 Nd7 15. Nxd7 Bxd7 16. Qxb7 Qxc3 17. Bb2 Qc2 18. Qxd7 Rad8 19. Qxe7 Qxb2 20. Rab1 Qxa2 21. d5 Rfe8 22. Qa7 Ra8 23. Qb6 Rad8 24. d6 Rd7 25. Rbd1 Red8 26. Bg4 f5 27. Bf3 Qb2 28. Qxa6 Qf6 29. Rfe1 Rxd6 30. Qc4+ Kh8 31. Rxd6 Qxd6 32. Qf7 Qf6 33. Qc7 Qd6 34. Qxd6 Rxd6 35. Re8+ 1-0

[Event "WchT Seniors 50"]
[Site "Dresden"]
[Date "2018.07.07"]
[Round "1.7"]
[White "Chan, Peng Kong"]
[Black "Spiess, Thomas"]
[Result "1-0"]
[WhiteElo "2158"]
[BlackElo "1986"]
[PlyCount "149"]
[EventDate "2018.07.07"]
[EventType "team-swiss"]
[EventRounds "9"]
[EventCountry "GER"]
[SourceTitle "CBM 185 Extra"]
[Source "ChessBase"]
[SourceDate "2018.07.29"]
[SourceVersion "1"]
[SourceVersionDate "2018.07.29"]
[SourceQuality "1"]
[WhiteTeam "Temasek Knights"]
[BlackTeam "Ricklingen"]
[WhiteTeamCountry "SIN"]
[BlackTeamCountry "GER"]

1. c4 c6 2. Nf3 d5 3. g3 dxc4 4. Bg2 Nd7 5. Qc2 Nb6 6. 0-0 Nf6 7. b3 cxb3 8. axb3 Bg4 9. Bb2 e6 10. d4 Bf5 11. Qc1 Be7 12. Nbd2 Ne4 13. Nc4 0-0 14. Ne3 Bg6 15. Ne5 Nd6 16. Nxg6 hxg6 17. Nc4 Nb5 18. Rd1 Bf6 19. e3 Qe7 20. Qd2 Rfd8 21. Qa5 Qc7 22. Na3 Nxa3 23. Bxa3 Nd5 24. Qe1 Be7 25. e4 Nf6 26. Qc3 Bxa3 27. Rxa3 Qb6 28. Raa1 Rd7 29. Rd2 Rad8 30. Rad1 a5 31. h3 Qb4 32. Qxb4 axb4 33. Kf1 Ra8 34. Ke2 Ra3 35. Rd3 Kf8 36. f4 Ke7 37. Ke3 b6 38. Rc1 c5 39. Rc4 Ne8 40. e5 Nc7 41. Bc6 Nd5+ 42. Ke4 Nc3+ 43. Rdxc3 bxc3 44. Bxd7 Kxd7 45. dxc5 bxc5 46. Rxc3 Kc6 47. h4 Kb5 48. g4 Ra1 49. Kf3 Rh1 50. Kg3 Ra1 51. Kf3 Ra3 52. Ke4 Ra1 53. Kf3 Rd1 54. Kg3 Rd4 55. h5 gxh5 56. gxh5 Kb4 57. Rf3 Rd1 58. f5 Rh1 59. fxe6 fxe6 60. Kg4 Rc1 61. Kg5 Rg1+ 62. Kf4 Rc1 63. Kg5 Rc3 64. Rxc3 Kxc3 65. Kg6 Kxb3 66. Kxg7 c4 67. h6 c3 68. h7 c2 69. h8Q c1Q 70. Qb8+ Ka4 71. Qe8+ Ka3 72. Qxe6 Qg5+ 73. Kf8 Qd8+ 74. Kf7 Qg5 75. Qe7+ 1-0

[Event "Penang op-A 9th"]
[Site "Penang"]
[Date "2017.12.09"]
[Round "9"]
[White "Erigaisi, Arjun Kumar"]
[Black "Chan, Peng Kong"]
[Result "1-0"]
[WhiteElo "2359"]
[BlackElo "2177"]
[PlyCount "57"]
[EventDate "2017.12.04"]
[EventType "swiss"]
[EventRounds "9"]
[EventCountry "MAS"]
[SourceTitle "CBM 182 Extra"]
[Source "ChessBase"]
[SourceDate "2018.02.23"]
[SourceVersion "1"]
[SourceVersionDate "2018.02.23"]
[SourceQuality "1"]

1. d4 Nf6 2. Bg5 d5 3. Bxf6 exf6 4. e3 Bd6 5. c4 dxc4 6. Bxc4 0-0 7. Nc3 c6 8. Qc2 Re8 9. Nge2 f5 10. 0-0-0 Nd7 11. h3 Nf6 12. g4 Ne4 13. Rdf1 Qe7 14. Nd1 Be6 15. Bxe6 Qxe6 16. f3 Nf6 17. Kb1 fxg4 18. hxg4 g6 19. e4 Nxe4 20. fxe4 Qxe4 21. Nec3 Qxg4 22. Nf2 Qg2 23. Rhg1 Qh2 24. Qb3 Re7 25. Nfe4 Bf4 26. Nf6+ Kg7 27. Nce4 Rd8 28. Rh1 Qg2 29. Rfg1 1-0

[Event "Penang op-A 9th"]
[Site "Penang"]
[Date "2017.12.05"]
[Round "3"]
[White "Chan, Peng Kong"]
[Black "Dimakiling, Oliver"]
[Result "0-1"]
[WhiteElo "2177"]
[BlackElo "2425"]
[PlyCount "92"]
[EventDate "2017.12.04"]
[EventType "swiss"]
[EventRounds "9"]
[EventCountry "MAS"]
[SourceTitle "CBM 182 Extra"]
[Source "ChessBase"]
[SourceDate "2018.02.23"]
[SourceVersion "1"]
[SourceVersionDate "2018.02.23"]
[SourceQuality "1"]

1. Nf3 d5 2. d4 c6 3. c4 Nf6 4. e3 g6 5. Nc3 Bg7 6. Be2 0-0 7. 0-0 Bf5 8. Qb3 Qb6 9. c5 Qc7 10. Ne5 Nbd7 11. f4 Nxe5 12. fxe5 Nd7 13. Bf3 Kh8 14. e4 dxe4 15. Bxe4 Be6 16. Qc2 f6 17. exf6 Nxf6 18. Bf4 Qd7 19. Be5 Ng4 20. Bxg7+ Kxg7 21. Qd3 Rxf1+ 22. Rxf1 Rd8 23. Rd1 Qc7 24. g3 Nf6 25. Bf3 Bf5 26. Qe3 e6 27. b4 h5 28. Rd2 b6 29. Qf4 Qxf4 30. gxf4 Nd5 31. Bxd5 exd5 32. b5 bxc5 33. bxc6 cxd4 34. Rxd4 Rc8 35. Nxd5 Rxc6 36. Ne3 Be6 37. Kf2 Ra6 38. a4 Bb3 39. Rd7+ Kf6 40. Rb7 Bxa4 41. Nd5+ Kf5 42. Ke3 Kg4 43. Nc7 Bc6 44. Rb3 Ra4 45. Rc3 Bb7 46. Nb5 Bf3 0-1

[Event "Wch Seniors 50 27th"]
[Site "Acqui Terme"]
[Date "2017.11.09"]
[Round "3"]
[White "Chan, Peng Kong"]
[Black "Buchal, Stephan"]
[Result "0-1"]
[WhiteElo "2172"]
[BlackElo "2347"]
[PlyCount "80"]
[EventDate "2017.11.07"]
[EventType "swiss"]
[EventRounds "11"]
[EventCountry "ITA"]
[SourceTitle "CBM 181 Extra"]
[Source "ChessBase"]
[SourceDate "2017.12.12"]
[SourceVersion "1"]
[SourceVersionDate "2017.12.12"]
[SourceQuality "1"]

1. c4 g6 2. g3 Bg7 3. Bg2 d6 4. Nc3 e5 5. e3 Nc6 6. Nge2 h5 7. d3 h4 8. Nd5 Nce7 9. Rb1 c6 10. Nxe7 Nxe7 11. Qd2 Be6 12. b3 Qd7 13. Ba3 Rd8 14. Nc3 Bh3 15. Bf3 Qf5 16. Qe2 e4 17. Nxe4 Qa5+ 18. Qd2 Qxa3 19. g4 f5 20. Ng5 fxg4 21. Nxh3 gxh3 22. d4 0-0 23. Bg4 c5 24. d5 Rf6 25. 0-0 Qb4 26. Qc2 Nf5 27. Bxh3 Re8 28. Rbd1 Rf7 29. Rd3 Qa3 30. Rb1 Qa5 31. Rbd1 Qd8 32. Kh1 Qe7 33. Rg1 Qe4+ 34. Bg2 Qe5 35. Qd1 Kh7 36. Qg4 Qf6 37. Rd2 Nh6 38. Qh3 g5 39. Bf1 g4 40. Bd3+ Kh8 0-1

[Event "Wch Seniors 50 27th"]
[Site "Acqui Terme"]
[Date "2017.11.08"]
[Round "2"]
[White "Chan, Peng Kong"]
[Black "Petran, Peter"]
[Result "1/2-1/2"]
[WhiteElo "2172"]
[BlackElo "2330"]
[PlyCount "121"]
[EventDate "2017.11.07"]
[EventType "swiss"]
[EventRounds "11"]
[EventCountry "ITA"]
[SourceTitle "CBM 181 Extra"]
[Source "ChessBase"]
[SourceDate "2017.12.12"]
[SourceVersion "1"]
[SourceVersionDate "2017.12.12"]
[SourceQuality "1"]

1. c4 g6 2. g3 Bg7 3. Bg2 c5 4. Nc3 Nc6 5. a3 d6 6. Rb1 a5 7. e3 e5 8. Nge2 Nge7 9. d3 0-0 10. 0-0 Rb8 11. Nd5 Nxd5 12. cxd5 Ne7 13. b4 cxb4 14. axb4 b5 15. bxa5 Qxa5 16. Bd2 Qb6 17. Qb3 Bd7 18. Rfc1 Rfc8 19. Bb4 Bf8 20. Nc3 f5 21. Ne2 Kh8 22. d4 e4 23. f3 exf3 24. Bxf3 Ng8 25. Nf4 Nf6 26. Ne6 Be7 27. Kg2 Qb7 28. h4 h6 29. Nf4 Kg7 30. Rc6 Rxc6 31. dxc6 Bxc6 32. d5 Bd7 33. Qd3 Rc8 34. Rb3 h5 35. Rc3 Kf7 36. Ne6 Ng4 37. Bxg4 Bxe6 38. Bf3 Bd7 39. Rxc8 Qxc8 40. Be2 Qc7 41. Kf2 Bf6 42. Qa3 Be5 43. Qa6 Qb8 44. Bd3 Kf6 45. Be2 g5 46. hxg5+ Kxg5 47. Kg2 Kf6 48. Kf1 Bxg3 49. Bxh5 Be5 50. Be2 Ke7 51. Ke1 Qc7 52. Bd2 Qc5 53. Qb7 f4 54. Bg4 fxe3 55. Qxd7+ Kf8 56. Qf5+ Kg7 57. Qg5+ Kf8 58. Qd8+ Kg7 59. Qg5+ Kf8 60. Qd8+ Kg7 61. Qg5+ 1/2-1/2

[Event "Asia-ch Seniors 50 8th"]
[Site "Auckland"]
[Date "2017.10.12"]
[Round "6"]
[White "Chan, Peng Kong"]
[Black "Lodhi, Mahmood"]
[Result "0-1"]
[WhiteElo "2170"]
[BlackElo "2344"]
[PlyCount "160"]
[EventDate "2017.10.09"]
[EventType "swiss"]
[EventRounds "9"]
[EventCountry "NZL"]
[SourceTitle "CBM 181 Extra"]
[Source "ChessBase"]
[SourceDate "2017.12.12"]
[SourceVersion "1"]
[SourceVersionDate "2017.12.12"]
[SourceQuality "1"]

1. d4 Nf6 2. c4 e6 3. Nf3 d5 4. g3 c5 5. cxd5 exd5 6. Bg2 Be7 7. 0-0 0-0 8. Nc3 h6 9. Be3 c4 10. Ne5 Nc6 11. Nxc6 bxc6 12. b3 Ba6 13. Qc2 Re8 14. Rfd1 Bb4 15. Bf3 Qd7 16. Rab1 Bxc3 17. Qxc3 cxb3 18. Rxb3 Ng4 19. Qc5 Bc4 20. Ra3 Nxe3 21. fxe3 Reb8 22. Rc3 Rb5 23. Rxc4 Rxc5 24. Rxc5 Qe6 25. Rd3 Rb8 26. Rdc3 Rb6 27. a4 g6 28. a5 Ra6 29. Kg2 h5 30. h4 Kg7 31. Kf2 f5 32. Kg2 Kh6 33. Kf2 Kg7 34. Rb3 Qd7 35. Rbc3 Kf6 36. Rc1 Qb7 37. R1c3 Ke6 38. Rc1 Kd6 39. Ra1 Qb2 40. Ra4 Ke6 41. Bg2 Kf6 42. Bf3 Kg7 43. Bg2 Kh6 44. Bf3 Kg7 45. Bg2 Kf6 46. Bf3 Ke6 47. Bg2 Kd6 48. Bf3 Kd7 49. Bg2 Kd6 50. Bf3 Qb8 51. Ra3 Kd7 52. Ra1 Qb2 53. Ra4 Ke6 54. Bg2 Kf7 55. Bf3 Kf6 56. Bg2 g5 57. hxg5+ Kxg5 58. Bh3 Qb1 59. Bg2 h4 60. gxh4+ Kxh4 61. Ra3 Qb8 62. Rac3 Qd6 63. Kf1 Kg5 64. Bf3 Kf6 65. Ke1 Ke7 66. Kd2 Kd7 67. Kd3 Qb8 68. Bg2 Qg3 69. Bf3 Qe1 70. Rc1 Qb4 71. Bxd5 cxd5 72. Rxd5+ Rd6 73. Rxd6+ Kxd6 74. Rc5 Qe1 75. Re5 Qd1+ 76. Kc3 Qxe2 77. Kb3 Qd3+ 78. Ka2 f4 79. exf4 Qxd4 80. Rb5 Qa4+ 0-1

[Event "Asia-ch Seniors 50 8th"]
[Site "Auckland"]
[Date "2017.10.12"]
[Round "5"]
[White "Smith, Robert Wayne"]
[Black "Chan, Peng Kong"]
[Result "1/2-1/2"]
[WhiteElo "2223"]
[BlackElo "2170"]
[PlyCount "29"]
[EventDate "2017.10.09"]
[EventType "swiss"]
[EventRounds "9"]
[EventCountry "NZL"]
[SourceTitle "CBM 181 Extra"]
[Source "ChessBase"]
[SourceDate "2017.12.12"]
[SourceVersion "1"]
[SourceVersionDate "2017.12.12"]
[SourceQuality "1"]

1. e4 c5 2. Nf3 e6 3. d4 cxd4 4. Nxd4 a6 5. Nc3 Qc7 6. Bd3 Nc6 7. Be3 Nf6 8. 0-0 Ne5 9. h3 Bc5 10. Qe2 b5 11. Nb3 Bxe3 12. Qxe3 d6 13. a4 b4 14. Na2 Rb8 15. Nd2 1/2-1/2

[Event "George Trundle Masters"]
[Site "Auckland"]
[Date "2017.10.04"]
[Round "5"]
[White "Smith, Robert Wayne"]
[Black "Chan, Peng Kong"]
[Result "0-1"]
[WhiteElo "2230"]
[BlackElo "2170"]
[PlyCount "96"]
[EventDate "2017.09.30"]
[EventType "tourn"]
[EventRounds "9"]
[EventCountry "NZL"]
[EventCategory "1"]
[SourceTitle "CBM 181 Extra"]
[Source "ChessBase"]
[SourceDate "2017.12.12"]
[SourceVersion "1"]
[SourceVersionDate "2017.12.12"]
[SourceQuality "1"]

1. e4 c5 2. Nf3 e6 3. d4 cxd4 4. Nxd4 a6 5. Nc3 b5 6. Bd3 Qb6 7. Nf3 Bb7 8. 0-0 d6 9. a4 b4 10. a5 Qc7 11. Na4 Nd7 12. Be3 Ngf6 13. Bb6 Qb8 14. Re1 Be7 15. Qd2 d5 16. e5 Ne4 17. Qe2 h6 18. Bd4 Nec5 19. Nxc5 Nxc5 20. Bb5+ Kf8 21. Bd3 Qc7 22. Nd2 g6 23. Nb3 Kg7 24. Nxc5 Bxc5 25. Qe3 Rhc8 26. h4 h5 27. Bxc5 Qxc5 28. Qf4 Qe7 29. Ra4 b3 30. cxb3 Bc6 31. Rb4 Rcb8 32. Rxb8 Rxb8 33. Rc1 Bb5 34. Bb1 Be2 35. Re1 Bb5 36. g3 Rc8 37. Rc1 Rxc1+ 38. Qxc1 Qb4 39. Qc3 Qg4 40. Qc1 Qd4 41. Qe1 Qxb2 42. b4 Qa1 43. Kh2 Bd3 44. b5 Bxb5 45. Qb4 Qxe5 46. Qd2 Qa1 47. Qa2 Qc3 48. Bc2 d4 0-1